| 000 | 01094nac a22002771u 4500 | ||
|---|---|---|---|
| 010 | _a 98053580 | ||
| 020 | _a0521642264 | ||
| 020 | _a0521645328 (pbk.) | ||
| 082 | 0 | 0 |
_a331.89 _bIVE |
| 090 |
_c6041 _d6041 |
||
| 100 | _aIversen, Torben. | ||
| 245 | 1 | 0 |
_aContested economic institutions : _bthe politics of macroeconomics and wage bargaining in advanced democracies / _cTorben Iversen. |
| 260 |
_aNew York : _bCambridge University Press,c1999. _cc1999. |
||
| 300 |
_axvi, 221 p. : _bill. ; _c23 cm. |
||
| 440 | 0 | _aCambridge studies in comparative politics | |
| 500 | _aDistributer: Al-Ahram. | ||
| 504 | _aIncludes bibliographical references (p. 193-213) and index. | ||
| 511 | _aCatalogued By: Mahitab. | ||
| 650 | 0 | _aCollective bargaining. | |
| 650 | 0 | _aMonetary policy. | |
| 650 | 0 | _aDemocracy. | |
| 650 | 0 | _aMacroeconomics. | |
| 856 | 4 | 2 |
_3Publisher description _uhttp://www.loc.gov/catdir/description/cam029/98053580.html |
| 856 | 4 | 2 |
_3Table of contents _uhttp://www.loc.gov/catdir/toc/cam026/98053580.html |
| 942 |
_cBB _k331.89IVE |
||
| 999 |
_c6041 _d6041 |
||